000 00866nam a2200229 u 4500
001 000584576
003 AM-YeHGA
005 20250617141341.0
008 080606s1977 ru |||||r|||||000|0|rus|d
040 _aAM-YeHGA
041 0 _arus
100 1 _aСмолянский, Борис Леонидович
245 1 0 _aРуководство по лечебному питанию для диетсестер /
_cБ.Л. Смолянский.
260 _aЛенинград :
_bМедицина. Ленингр. отд-ние,
_c1977.
300 _a304 с. ;
_c22 см.
440 0 _aБСМ : Библиотека среднего медработника
650 1 4 _aРуководства
650 1 4 _aДиетология
650 1 4 _aДиетотерапия
650 1 4 _aПища технология приготовления
090 _c238481
999 _c236913
_d236913